00974nam a22002057a 4500003000900000008004100009040007100050082002200121110005500143245006600198260003000264300003000294440005000324505027300374650001400647650003400661650001600695700003000711700002700741AR-CdUCM190425b ||||| |||| 00| 0 spa d aMUNICIPALIDAD PROVINCIAL DEL CUSCOcBIBLIOTECA MUNICIPAL DEL CUSCO aRev.Edu/N°4/1959 aUniversidad Nacional de San Antonio Abad del Cusco aRevista Educación /cÓrgano de la Facultad de Educación aCusco.bGarcilaso,c1959. a 208 páginas. :c21 cm. aRevista Educación.nNúmero 4, año 1959 aContenido: Problemas fundamentales de la educación nacional. Carlos Cueto. -- Historia de la Filosofía Moderna. Álvaro Mendoza Diez. -- Servicio de orientación del educando. Segundo Villasante Ortiz. -- Organización del Colegio nocturno Fortunato L. Herrera. aEducacion aFilosofía de la Educación aPedagogía aVillasante Ortiz, Segundo aMendoza Diez, Álvaro